000 00925nam a2200229Ia 4500
001 L248-15028
003 IT-CnALBA
008 170116s9999||||xx |||||||||||||| ||und||
040 _aIT-CnALBA
_cIT-CnALBA
041 _aITALIANO
100 _aBOSSETTI
245 0 _aDIO È TUTTO. - IL SILENZIO DI DIO.
250 _a1a ed.
260 _a PADOVA
_bSEMINARIO TIPOGRAFIA
_c1952 [1° Ed.:1952 - Ed.Ling.Originale: 1952]
300 _a107 p.
500 _aZERO IERI, OGGI, DOMANI. GRANDE OBIEZIONE. FACILE RISPOSTA. SUPPOSIZIONI. CORSA AI RIPARI. VANA INSISTENZA. SILENZIO DI DIO.
501 _aSocietà San Paolo EM - Piazza San Paolo, 14 - 12051 ALBA (CN) (non commercial uses only) ® Copyright 2017
520 _aZERO IERI, OGGI, DOMANI. GRANDE OBIEZIONE. FACILE RISPOSTA. SUPPOSIZIONI. CORSA AI RIPARI. VANA INSISTENZA. SILENZIO DI DIO.
650 _aASCETICA E MISTICA
942 _cBK
957 _71
999 _a19778
_bNO
_g Copie: 1
_c274197
_d274197